000 00825nam a2200229 a 4500
001 48271
003 BD-RjUL
005 20211209054506.0
008 160813s1996 bg |||| ||| 000 0 ben d
020 _c: Tk. 45.00
035 _a(BD-RjUL)48390
040 _aBD-RjUL
_bben=eng
_cBD-RjUL
_dBD-RjUL
041 _aben=eng
082 _223
_a891.443
_bSAP 1996
100 1 _aসামাদ, আব্দুস
_9146165
245 1 0 _aপ্রকাশকের মৃত্যু /
_cআব্দুস সামাদ
260 _aবগুড়া :
_bবিশ্ববাংগালী প্রকাশন,
_c১৯৯৬ [১৪০৩]
300 _a[৮] ১৫৪ পৃ. ;
_c২১ সেমি.
650 _aবাংলা উপন্যাস
_9146166
650 _aBengali fiction
_9146167
942 _2ddc
_cBK
999 _c48271
_d48271